| 000 | 00870nam a22002417a 4500 | ||
|---|---|---|---|
| 001 | 48078 | ||
| 003 | BD-RjUL | ||
| 005 | 20211209054445.0 | ||
| 008 | 160811s1959 bg ||||| |||| 00| 0 ben d | ||
| 020 | _c: TK 5.00 | ||
| 035 | _a(BD-RjUL)48197 | ||
| 040 |
_aBD-RjUL _bben _cBD-RjUL |
||
| 041 | _aben | ||
| 082 |
_223 _a891.51 _bSHD 1959 |
||
| 100 |
_aশহীদুল্লাহ, মুহম্মদ _9145753 |
||
| 245 | 1 | 0 |
_aদীওআন-ই হাফিয / _cমুহম্মদ শহীদুল্লাহ |
| 250 | _a২য় সং. | ||
| 260 |
_aঢাকা : _bরেনেসাস প্রন্টার্স, _c১৯৫৯ |
||
| 300 |
_a৬৫ পৃ. : _bচিত্র ; _c২১ সেমি. |
||
| 650 |
_aইরানীয়ান কবিতা _9145754 |
||
| 650 |
_aIranian Poetry _9145742 |
||
| 942 |
_2ddc _cBK _02 |
||
| 999 |
_c48078 _d48078 |
||